UM Logo

Has achievement goal theory been right? a meta-analysis of the relation between goal structures and personal achievement goals / (Record no. 18136)

MARC details
000 -LEADER
fixed length control field 01053nam a22002417a 4500
003 - CONTROL NUMBER IDENTIFIER
control field OSt
005 - DATE AND TIME OF LATEST TRANSACTION
control field 20251125133310.0
008 - FIXED-LENGTH DATA ELEMENTS--GENERAL INFORMATION
fixed length control field 230817b ||||| |||| 00| 0 eng d
040 ## - CATALOGING SOURCE
Transcribing agency 0
082 ## - DEWEY DECIMAL CLASSIFICATION NUMBER
Classification number DPer 370.15 J826 July-August 2020 v. 112 n. 5-6
100 ## - MAIN ENTRY--PERSONAL NAME
Personal name Bardach, Lisa.
Relator term author.
9 (RLIN) 48709
245 ## - TITLE STATEMENT
Title Has achievement goal theory been right? a meta-analysis of the relation between goal structures and personal achievement goals /
Statement of responsibility, etc. Lisa Bardach, Sophie Oczlon, Jakob Pietsching, and Marko Luftenegger.
260 ## - PUBLICATION, DISTRIBUTION, ETC. (IMPRINT)
Place of publication, distribution, etc. Washington ;
Name of publisher, distributor, etc. American Psychological Association ,
Date of publication, distribution, etc. August 2020.
300 ## - PHYSICAL DESCRIPTION
Extent Volume 112, pages 1197-1220 :
Other physical details illustration ;
Dimensions 28 cm.
500 ## - GENERAL NOTE
General note Journal of Educational Psychology, vol. 112, no. 6, pages 1197-1220, August 2020.
650 ## - SUBJECT ADDED ENTRY--TOPICAL TERM
Topical term or geographic name as entry element Classroom management.
9 (RLIN) 48710
650 ## - SUBJECT ADDED ENTRY--TOPICAL TERM
Topical term or geographic name as entry element Education,.
9 (RLIN) 48711
700 ## - ADDED ENTRY--PERSONAL NAME
Personal name Bardach, Lisa.
Relator term author.
9 (RLIN) 48709
700 ## - ADDED ENTRY--PERSONAL NAME
Personal name Oczlon, Sophie.
Relator term author.
9 (RLIN) 48712
700 ## - ADDED ENTRY--PERSONAL NAME
Personal name Pietsching, Jakob.
Relator term author.
9 (RLIN) 48713
700 ## - ADDED ENTRY--PERSONAL NAME
Personal name Luftenegger, Marko.
Relator term author.
9 (RLIN) 48714
942 ## - ADDED ENTRY ELEMENTS (KOHA)
Source of classification or shelving scheme Dewey Decimal Classification
Koha item type Periodicals
Holdings
Withdrawn status Lost status Source of classification or shelving scheme Damaged status Not for loan Collection code Home library Current library Date acquired Total Checkouts Full call number Date last seen Price effective from Koha item type Public note
    Dewey Decimal Classification     Periodicals UM Digos College - LIC UM Digos College - LIC 08/17/2023   DPer 370.15 J826 July-August 2020 v. 112 n. 5-6 08/17/2023 08/17/2023 Periodicals Periodical Article